000
00307nam a2200097Ia 4500
082
_a
649.1|DEJA
245
0
_a
Play learn know : a child is a work in progress
100
_a
De Jager, Melodie. , 1960- Welgemoed, [South Africa], 2013
_9
59848
942
_c
BK
008
210817s9999 xx 000 0 und d
999
_c
188177
_d
188177